Name the City #1 - Statistics

General Stats
  • This quiz has been taken 966 times
  • The average score is 17 of 20
Answer Stats
Hint City % Correct
Colosseum, Roman Forum, Trevi Fountain, Sistine Chapel Rome
98%
TImes Square, Wall Street, Harlem New York City
97%
Trafalgar Square, Big Ben, Buckingham Palace London
96%
Parthenon, Acropolis, 2004 Summer Olympics Athens
92%
Forbidden City, Tiananmen Square, 2008 Summer Olympics Beijing
91%
Potsdamer Platz, Brandenburg Gate, Airlift Berlin
91%
Red Square, Lenin's Mausoleum, Saint Basil's Cathedral Moscow
90%
Manly Beach, Opera House, Bondi Beach Sydney
90%
Red Light district, Anne Frank House, Heineken Amsterdam
89%
South Beach, Hurricanes, Spring Break Miami
89%
CN Tower, Maple Leafs Toronto
89%
Fidel Castro, Cigars, USA travel ban Havana
87%
Temple Bar, Guinness beer, Molly Malone Dublin
82%
Bruce Lee, Jackie Chan, Kowloon Hong Kong
82%
Roppongi, Shinjuku, Shibuya, Asakusa Tokyo
81%
Starbucks, Rain, Sleepless in, Pike Place Seattle
79%
Khaosan Road, Siam Square, Soi Cowboy Bangkok
64%
India Gate, Jama Masjid, Connaught Place, Red Fort Delhi
64%
Canal, Casco Viejo, Manuel Noriega Panama City
54%
Charles Bridge, Astronomical Clock, Castle Prague
47%
No matching quizzes found
Score Distribution
Percent of People with Each Score
Percentile by Number Answered
Your Score History
You have not taken this quiz